Inorganic plant nutrition / (Record no. 12031)

000 -LEADER
fixed length control field 00420pam a2200157 a 4500
020 ## - INTERNATIONAL STANDARD BOOK NUMBER
ISBN 038712103X (U.S. : set)
040 ## - CATALOGING SOURCE
Transcribing agency DLC
082 00 - DEWEY DECIMAL CLASSIFICATION NUMBER
Classification number 581 SPR 1983 A031 Or.
-- 581.1/3
245 00 - TITLE STATEMENT
Title Inorganic plant nutrition /
260 ## - PUBLICATION, DISTRIBUTION, ETC. (IMPRINT)
Place of publication Berlin ;
-- New York :
Name of publisher Springer-Verlag,
Year of publication <1983 >
300 ## - PHYSICAL DESCRIPTION
Number of Pages v. <2 > :
Other physical details ill. ;
Dimensions 25 cm.
650 #0 - SUBJECT ADDED ENTRY--TOPICAL TERM
Topical Term Plants
700 1# - ADDED ENTRY--PERSONAL NAME
Personal name Läuchli, A.
700 1# - ADDED ENTRY--PERSONAL NAME
Personal name Bieleski, R. L.
942 ## - ADDED ENTRY ELEMENTS (KOHA)
Koha item type សៀវភៅភាសាអង់គ្លេស
952 ## - LOCATION AND ITEM INFORMATION (KOHA)
Withdrawn status [LOCAL, KOHA] 0
Holdings
Permanent Location Date acquired Koha item type Lost status Shelving location Barcode Current Location Full call number
Library Block A2017-08-09សៀវភៅភាសាអង់គ្លេស A031A22557Library Block A581 SPR 1983 A031 Or.
មជ្ឈមណ្ឌលឯការនៃសាកលវិទ្យាល័យភូមិន្ទកសិកម្មចំការដូង

Powered by Koha